La política de Estados Unidos en América Latina, 1913-1916 (Registro nro. 61247)

Detalles MARC
000 -ENCABEZADO
Número de control [NR] 00797nam a2200193Ia 4500
008 - DE LONGITUD FIJA DE DATOS DE ELEMENTOS - INFORMACIÓN GENERAL
Elementos de longitud fija [NR] 130821s1960 mx gr spa
040 ## - FUENTE DE CATALOGACION [NR]
Agencia de catalogación original [NR] Co-BoUCM
Idioma de catalogación [NR] spa
041 00 - CODIGO DE IDIOMA [R]
Código de idioma para texto/pista de sonido o título separado [R] Español
100 1# - ASIENTO PRINCIPAL--NOMBRE PERSONAL [NR]
Nombre personal [NR] Link, Arthur Stanley
245 13 - MENCION DE TITULO [NR]
Título [NR] La política de Estados Unidos en América Latina, 1913-1916
Mención de responsabilidad, etc. [NR] Arthur S. Link ; tr. Fernando Rosenzweig
260 ## - PUBLICACION, DISTRIBUCION, ETC. (PIE DE IMPRENTA) [R]
Lugar de publicación, distribución, etc. [R] México D.F. (México)
Nombre del editor, distribuidor, etc. [R] Fondo de Cultura Económica
Fecha de publicación, distribución, etc. [R] 1960
300 ## - DESCRIPCION FISICA [R]
Extensión [R] 287 páginas
490 #0 - MENCION DE SERIE [R]
Mención de serie [R] Sección de Obras de Política
651 #7 - ASIENTO SECUNDARIO DE MATERIA - NOMBRE GEOGRAFICO [R]
Nombre geográfico [NR] América Latina
Geographic name following place entry element [OBSOLETE] Relaciones internacionales
Subdivisión cronológica [R] 1913-1916
9 (RLIN) 26570
651 #7 - ASIENTO SECUNDARIO DE MATERIA - NOMBRE GEOGRAFICO [R]
Nombre geográfico [NR] América Latina
Subdivisión general [R] Condiciones sociales
Subdivisión cronológica [R] 1913-1916
9 (RLIN) 26570
651 #7 - ASIENTO SECUNDARIO DE MATERIA - NOMBRE GEOGRAFICO [R]
Nombre geográfico [NR] Estados Unidos
Geographic name following place entry element [OBSOLETE] Relaciones internacionales
Subdivisión geográfica [R] América Latina
9 (RLIN) 7595
942 ## - ELEMENTOS DE ENTRADA AGREGADOS (KOHA)
Tipo de ítem principal el descrito en 300a Libro
Tema principal Ciencia política
Edición 1
Parte restante de la signatura top. L45
Sistema de clasificación DEWEY
Clasificación 327.73098
Existencias
Total préstamos Signatura topográfica Código de barras Última vez visto Ejemplar Price effective from Tipo de ítem Perdido Sistema de clasificación Dañado No prestable Tipo de ítem específico Suprimido Ubicación habitual Ubicación actual Localización Fecha de creación Forma de adquisición Costo
  327.73098 L45 3000059 15/12/2012 Ej.1 03/02/2013 Libro   DEWEY     Libro     Bib. Cavelier Acavalier 28/02/2013   0.00